Gaming Quiz

Random Gaming or Song Quiz

DDR BPM Challenge Quiz Stats

 Plays Quiz not verified by Sporcle

Challenge
Share
Tweet
Embed
Score 0/20 Timer 10:00
0 Plays Today
Song Higher/Lower % Correct
????
100%
????
88.7%
????
74.9%
????
59.4%
????
55.6%
????
51.9%
????
46.4%
????
41.4%
????
36.4%
????
28.5%
Song Higher/Lower % Correct
????
23%
????
20.5%
????
18%
????
13.8%
????
10.5%
????
7.5%
????
7.5%
????
7.5%
????
6.7%
????
6.7%

You're not logged in!

Compare scores with friends on all Sporcle quizzes.
Join for Free
OR
Log In

You Might Also Like...

Show Comments

Extras

Created Aug 28, 2011ReportNominate
Tags:Song Quiz, challenge, ddr

Top Quizzes Today


Score Distribution

Your Account Isn't Verified!

In order to create a playlist on Sporcle, you need to verify the email address you used during registration. Go to your Sporcle Settings to finish the process.

Report this User

Report this user for behavior that violates our Community Guidelines.

Details: